000 00340nam a22001337a 4500
008 170627b xxu||||| |||| 00| 0 eng d
020 _a9280810820
041 _aeng
080 _a32
100 _a21
101 _aSHP
245 _aREFORMING AFRICA'S INSTITUTIONS: OWNERSHIP , INCENTIVES AND CAPABILITIES
_cMUGERWA,S.K
942 _2udc
_cBK
999 _c19127
_d19127